| 000 | 01267njm a22003017a 4500 | ||
|---|---|---|---|
| 005 | 20100914143029.0 | ||
| 006 | a|||||r|||||00| 0 | ||
| 007 | sd ammalaaahaa | ||
| 008 | 100910t xxu||||| |||| 00| 0 eng d | ||
| 028 |
_aMOCEC.7542 _bODEON |
||
| 035 | _aGR-02502 | ||
| 040 |
_aSED _cSED |
||
| 100 |
_aMangeshkar,Lata _919365 |
||
| 245 |
_aApna Desh / _csung by Lata Mangeshkar [and] Kishore Kumar ; Music by Anand Bakshi; Lyric by R.D.Burman _h[sound recording] : |
||
| 246 | _aअपना देश / | ||
| 260 |
_aDum Dum, India _bODEON _c1972 |
||
| 300 |
_a1 sound disc [Gramophone Recording] : _banalog, 33 1/3 rpm _c12.5 in. (LP) _fGramaphone Records |
||
| 500 | _aBrief record | ||
| 500 | _aRecord Lebels : ODEON , BLACK | ||
| 505 | _aSide-1 कजरा लगाके (Kajre Lagake) (Apna desh) (Lata Mangeshkar [and] Kishore Kumar) Side-2 रोना कभी नहीं (Rona kabhi nahi) (Apna Desh) (Kishore Kumar & Chorus). | ||
| 600 |
_aMangeshkar, Lata _919611 |
||
| 650 |
_2Excerpts. _aFilm Song _bIndia _919366 |
||
| 700 |
_aKishore Kumar _919943 |
||
| 700 |
_aBakshi,Anand _920024 |
||
| 700 |
_aBurman,R.D. _920025 |
||
| 942 |
_2ddc _cGR |
||
| 999 |
_c45735 _d45735 |
||